header

Measles and the Wrathmonk (Record no. 261401)

MARC details
000 -LEADER
fixed length control field 00244nam a22001097a 4500
020 ## - INTERNATIONAL STANDARD BOOK NUMBER
ISBN 9780060586874
100 ## - MAIN ENTRY--AUTHOR NAME
Personal name Ian Ogilvy
245 ## - TITLE STATEMENT
Title Measles and the Wrathmonk
260 ## - PUBLICATION, DISTRIBUTION, ETC. (IMPRINT)
Place of publication New York
Name of publisher Harpertrophy
Year of publication 2004
300 ## - PHYSICAL DESCRIPTION
Number of Pages 210 pgs
942 ## - ADDED ENTRY ELEMENTS (KOHA)
Koha item type Long Loan Books
Holdings
Withdrawn status Lost status Collection code Home library Current library Shelving location Date acquired Accession Number Koha item type
    Fiction Rongo University Library Rongo University Library Children's Area 07/11/2023 CL2021987 Long Loan Books

© 2026 Rongo University
Contact us: librarian | system librarian | Rongo university